[Event "COL-chT"]
[Site "Ibague"]
[Date "2018.10.13"]
[Round "5.1"]
[White "Suarez Castillo, Luis A"]
[Black "Rodriguez Velasco, German Enrique"]
[Result "0-1"]
[WhiteElo "2210"]
[BlackElo "2106"]
[PlyCount "58"]
[EventDate "2018.10.11"]
[EventType "team-swiss"]
[EventRounds "6"]
[EventCountry "COL"]
[SourceTitle "CBM 186 Extra"]
[Source "ChessBase"]
[SourceDate "2018.08.24"]
[SourceVersion "1"]
[SourceVersionDate "2018.08.24"]
[SourceQuality "1"]
[WhiteTeam "Fuerzas Armadas"]
[BlackTeam "Boyaca II"]
[WhiteTeamCountry "COL"]
[BlackTeamCountry "COL"]

1. d4 Nf6 2. c4 e6 3. Nc3 d5 4. Bg5 Be7 5. Nf3 c6 6. e3 0-0 7. Rc1 a6 8. a3 Nbd7 9. Bd3 b5 10. c5 e5 11. dxe5 Ng4 12. Bxe7 Qxe7 13. Qc2 g6 14. b4 Ndxe5 15. Nxe5 Qxe5 16. Ne2 a5 17. Nd4 Bd7 18. h3 Nf6 19. 0-0 Nh5 20. Qc3 Qc7 21. Nb3 axb4 22. axb4 f5 23. Nd4 f4 24. e4 f3 25. Nxf3 Rxf3 26. gxf3 Qf4 27. Be2 Bxh3 28. Qe3 Qh4 29. f4 Bg2 0-1

[Event "COL-chT"]
[Site "Ibague"]
[Date "2018.10.12"]
[Round "4.1"]
[White "Neira, Oscar Roberto"]
[Black "Suarez Castillo, Luis A"]
[Result "0-1"]
[WhiteElo "1877"]
[BlackElo "2210"]
[PlyCount "95"]
[EventDate "2018.10.11"]
[EventType "team-swiss"]
[EventRounds "6"]
[EventCountry "COL"]
[SourceTitle "CBM 186 Extra"]
[Source "ChessBase"]
[SourceDate "2018.08.24"]
[SourceVersion "1"]
[SourceVersionDate "2018.08.24"]
[SourceQuality "1"]
[WhiteTeam "Tolima III"]
[BlackTeam "Fuerzas Armadas"]
[WhiteTeamCountry "COL"]
[BlackTeamCountry "COL"]

1. e4 c5 2. Nf3 d6 3. d4 cxd4 4. Nxd4 Nf6 5. Nc3 a6 6. Be2 e5 7. Nb3 Be6 8. g4 Be7 9. g5 Nfd7 10. h4 b5 11. Be3 Nb6 12. Bxb6 Qxb6 13. Nd5 Bxd5 14. Qxd5 Nc6 15. Bh5 0-0 16. 0-0 g6 17. Bg4 Rfd8 18. Kg2 Nb4 19. Qd2 d5 20. Qe2 d4 21. a3 d3 22. cxd3 Nxd3 23. Qc2 Ra7 24. Rad1 Nf4+ 25. Kh1 h5 26. gxh6 Bxh4 27. Rxd8+ Bxd8 28. f3 Kh7 29. Nc1 Kxh6 30. Nd3 Nxd3 31. Qxd3 Bg5 32. Kg2 Kg7 33. Qd5 Bf4 34. Rd1 Rb7 35. Rd3 Rc7 36. Rc3 Rxc3 37. bxc3 Qe3 38. Qa2 Qxc3 39. Bd7 Qc7 40. Bg4 Qd6 41. Qb2 Qd3 42. Bc8 Qd6 43. Bb7 Qc7 44. Bd5 Qc5 45. Ba2 Bc1 46. Qb3 Qe7 47. a4 b4 48. Kh2 0-1